[Event "2nd SWIFT it"]
[Site "Brussels BEL"]
[Date "1987.04.12"]
[Round "3"]
[White "Short, Nigel David"]
[Black "Kortschnoj, Viktor"]
[Result "0-1"]
[WhiteElo "2615"]
[BlackElo "2625"]
[EventDate "1987.04.10"]
[PlyCount "124"]

1.e4 e6 2.d4 d5 3.Nd2 c5 4.Ngf3 Nc6 5.exd5 exd5 6.Bb5 Bd6 7.dxc5 Bxc5 8.
Nb3 Qe7+ 9.Qe2 Bb6 10.Ne5 Bd7 11.Nxd7 Kxd7 12.O-O Qxe2 13.Bxe2 Nf6 14.Bf4 
Rae8 15.Bd3 g6 16.Rad1 Kc8 17.c3 h6 18.h3 Nh5 19.Bc1 Ng3 20.Rfe1 g5 21.Nd2
f5 22.Nf3 Kc7 23.Be3 Bxe3 24.Rxe3 Rxe3 25.fxe3 Re8 26.Kf2 Ne4+ 27.Kg1 Nd6 
28.Bf1 Rxe3 29.Rxd5 f4 30.Bd3 Ne7 31.Re5 Nef5 32.Rc5+ Kb6 33.Rd5 Kc6 34.c4
Ng3 35.b4 Kc7 36.c5 Nde4 37.b5 h5 38.Bxe4 Nxe4 39.Re5 g4 40.hxg4 hxg4 41.
Re7+ Kd8 42.Rxb7 gxf3 43.gxf3 Nxc5 44.Rxa7 Re1+ 45.Kg2 Rb1 46.a4 Nd7 47.
Kh3 Ne5 48.Kh4 Rb4 49.Kg5 Nxf3+ 50.Kf5 Nd4+ 51.Ke5 f3 52.a5 Rxb5+ 53.Kxd4 
Rf5 54.Ke4 f2 55.Kxf5 f1=Q+ 56.Ke5 Qc4 57.Rh7 Qc3+ 58.Ke6 Qe3+ 59.Kf6 Qd4+
60.Kf7 Qd5+ 61.Kf8 Qxa5 62.Kf7 Qf5+ 0-1

[Event "2nd SWIFT it"]
[Site "Brussels BEL"]
[Date "1987.04.14"]
[Round "4"]
[White "Kasparov, Garry"]
[Black "Short, Nigel David"]
[Result "1-0"]
[WhiteElo "2735"]
[BlackElo "2615"]
[EventDate "1987.04.10"]
[PlyCount "120"]

1.d4 e6 2.g3 f5 3.Bg2 Nf6 4.Nf3 Be7 5.c4 d5 6.O-O O-O 7.Nbd2 c6 8.Ne5 Nbd7
9.Nd3 Ne4 10.Qc2 Bf6 11.Nf3 Kh8 12.b3 Qe8 13.Ba3 Rg8 14.Rac1 a5 15.Bb2 Qh5
16.a4 Rd8 17.Ba3 Rg8 18.Rb1 Ng5 19.Rfe1 Qf7 20.Nxg5 Bxg5 21.Bd6 Bf6 22.e3 
g5 23.b4 axb4 24.Rxb4 Nf8 25.Reb1 Ng6 26.Nc5 Ra7 27.Qb3 Rg7 28.Qc2 Qg8 29.
h3 Qd8 30.Bb8 Ra8 31.cxd5 cxd5 32.Be5 Nxe5 33.dxe5 Bxe5 34.Nxb7 Bxb7 35.
Rxb7 Rxb7 36.Rxb7 Rb8 37.Qc6 Rxb7 38.Qxb7 Qc7 39.Qb5 Kg7 40.a5 d4 41.a6 
dxe3 42.a7 exf2+ 43.Kh1 Qxa7 44.Qxe5+ Kf7 45.Bf1 h5 46.Bc4 f1=Q+ 47.Bxf1 
Qa8+ 48.Kh2 Qd8 49.Be2 Qd2 50.Kg1 Qe1+ 51.Kg2 Qd2 52.Kf2 g4 53.h4 Qd8 54.
Ke3 Qf6 55.Qa5 e5 56.Bc4+ Kg6 57.Qc7 Qg7 58.Qd6+ Qf6 59.Qd7 Qb6+ 60.Kd3 
Qb1+ 1-0

[Event "2nd SWIFT it"]
[Site "Brussels BEL"]
[Date "1987.04.15"]
[Round "5"]
[White "Winants, Luc"]
[Black "Karpov, Anatoly"]
[Result "1/2-1/2"]
[WhiteElo "2415"]
[BlackElo "2710"]
[EventDate "1987.04.10"]
[PlyCount "125"]

1.d4 Nf6 2.c4 e6 3.Nf3 Bb4+ 4.Bd2 a5 5.g3 b6 6.Bg2 Bb7 7.O-O O-O 8.Bf4 Be7
9.Qc2 d5 10.Ne5 Qc8 11.Nc3 dxc4 12.e4 Nc6 13.Nxc6 Bxc6 14.d5 Bb7 15.Rad1 
exd5 16.e5 Nh5 17.Nxd5 Bxd5 18.Bxd5 c6 19.Bf3 Nxf4 20.gxf4 Qe6 21.Qe4 g6 
22.Qxc6 Qxc6 23.Bxc6 Rac8 24.Bb5 c3 25.bxc3 Rxc3 26.Rd7 Ba3 27.Rfd1 Rfc8 
28.Kg2 R8c5 29.Be2 Rc7 30.e6 fxe6 31.Bg4 Kf8 32.Bxe6 Be7 33.f5 b5 34.Rxc7 
Rxc7 35.Rd5 Rb7 36.Rd7 Rb6 37.Ra7 a4 38.Kf3 a3 39.Ke4 b4 40.f3 gxf5+ 41.
Kxf5 Rb5+ 42.Ke4 Rh5 43.h3 Bd6 44.Kd3 Re5 45.Bb3 Be7 46.Rb7 Re1 47.f4 h5 
48.Rb5 h4 49.Rb7 Rf1 50.Ke4 Rh1 51.Be6 Re1+ 52.Kf5 Bc5 53.Rb5 Bd6 54.Rb6 
Rd1 55.Kg5 Be7+ 56.Kf5 Rc1 57.Kg6 Rg1+ 58.Kf5 Bc5 59.Rb5 Rc1 60.Rb7 Rf1 
61.Kg6 Rxf4 62.Rf7+ Rxf7 63.Bxf7 1/2-1/2

[Event "2nd SWIFT it"]
[Site "Brussels BEL"]
[Date "1987.04.16"]
[Round "6"]
[White "Larsen, Bent"]
[Black "Kortschnoj, Viktor"]
[Result "0-1"]
[WhiteElo "2565"]
[BlackElo "2625"]
[EventDate "1987.04.10"]
[PlyCount "34"]

1.c4 c6 2.Nf3 d5 3.g3 Nf6 4.b3 Qb6 5.Bg2 e5 6.O-O e4 7.Ne1 h5 8.Nc3 h4 9.
d4 hxg3 10.fxg3 Qa5 11.Qc2 Bb4 12.Bb2 Be6 13.cxd5 Nxd5 14.Nxd5 cxd5 15.a3 
Bd2 16.Qd1 Be3+ 17.Kh1 Qc7 0-1

[Event "2nd SWIFT it"]
[Site "Brussels BEL"]
[Date "1987.04.20"]
[Round "8"]
[White "Tal, Mikhail"]
[Black "Torre, Eugenio"]
[Result "1/2-1/2"]
[WhiteElo "2605"]
[BlackElo "2540"]
[EventDate "1987.04.10"]
[PlyCount "41"]

1.e4 g6 2.d4 Bg7 3.Nc3 d6 4.g3 Nf6 5.Bg2 O-O 6.Nge2 e5 7.h3 c6 8.O-O b5 9.
b3 Qc7 10.Bg5 Re8 11.Qd2 b4 12.Na4 exd4 13.Bxf6 Bxf6 14.Nxd4 Bb7 15.c3 
bxc3 16.Nxc3 Nd7 17.Rac1 Qb6 18.Nde2 Be7 19.Rfd1 Bf8 20.Nd4 Rac8 21.h4 
1/2-1/2

[Event "2nd SWIFT it"]
[Site "Brussels BEL"]
[Date "1987.04.20"]
[Round "8"]
[White "Larsen, Bent"]
[Black "Kasparov, Garry"]
[Result "0-1"]
[WhiteElo "2565"]
[BlackElo "2735"]
[EventDate "1987.04.10"]
[PlyCount "86"]

1.Nf3 Nf6 2.c4 c5 3.Nc3 e6 4.g3 d5 5.cxd5 exd5 6.d4 Nc6 7.Bg2 Be7 8.O-O 
O-O 9.Be3 c4 10.Ne5 h6 11.Qa4 a6 12.Nxc6 bxc6 13.b3 Rb8 14.bxc4 Rb4 15.Qd1
Rxc4 16.Na4 Bf5 17.Nb2 Rc3 18.Rc1 Rxc1 19.Qxc1 Qa5 20.Qxc6 Qxa2 21.Nd3 Be4
22.Bf3 a5 23.Nc5 Bxf3 24.exf3 Re8 25.Nd7 Rd8 26.Nxf6+ Bxf6 27.Qb6 a4 28.
Bxh6 a3 29.Bc1 Rc8 30.h4 Rc3 31.Be3 Qc2 32.Qa5 a2 33.h5 Be7 34.Qa8+ Bf8 
35.h6 Ra3 36.Qxd5 a1=Q 37.hxg7 Bxg7 38.Qd8+ Bf8 39.Rxa1 Rxa1+ 40.Kg2 Qh7 
41.Qg5+ Qg6 42.Qh4 Re1 43.g4 f6 0-1

[Event "2nd SWIFT it"]
[Site "Brussels BEL"]
[Date "1987.04.22"]
[Round "10"]
[White "Meulders, Richard"]
[Black "Timman, Jan"]
[Result "1/2-1/2"]
[WhiteElo "2360"]
[BlackElo "2590"]
[EventDate "1987.04.10"]
[PlyCount "211"]

1.d4 e6 2.c4 Bb4+ 3.Nc3 b6 4.e3 Bxc3+ 5.bxc3 Bb7 6.Nf3 f5 7.Ba3 Qf6 8.c5 
Ne7 9.Be2 Nbc6 10.Rc1 O-O 11.O-O Rf7 12.c4 Ng6 13.Qd2 Nce7 14.Bb2 f4 15.d5
e5 16.Bd3 d6 17.c6 Bc8 18.Ne1 Bg4 19.exf4 Nxf4 20.f3 Bh5 21.Be4 Qg5 22.Kh1
Bg6 23.Bxg6 Qxg6 24.Rd1 Nf5 25.Nd3 Qh6 26.Rfe1 Ng3+ 27.Kg1 Ngh5 28.Bc1 Qg6
29.Nxf4 Nxf4 30.Kh1 Raf8 31.Re4 h5 32.Rg1 h4 33.Qd1 Qh5 34.h3 Ng6 35.Rg4 
Nf4 36.Qe1 g5 37.Qe4 Rg7 38.Kh2 Qh7 39.Qxh7+ Kxh7 40.Rd1 a6 41.a4 Kg6 42.
Be3 Rb8 43.Bf2 Rh7 44.Rb1 Kf5 45.Be3 Rhh8 46.Bd2 Rhg8 47.Rb3 Rge8 48.Be3 
Rg8 49.Bd2 Rh8 50.Kg1 Rhe8 51.Kf1 Rg8 52.Kf2 b5 53.axb5 axb5 54.cxb5 Ra8 
55.b6 cxb6 56.Rxb6 Ra2 57.Ke1 Ra1+ 58.Kf2 Ra2 59.Ke1 Ra1+ 60.Kf2 Rd1 61.
Bxf4 exf4 62.c7 Rd2+ 63.Ke1 Rxd5 64.Rb8 Re5+ 65.Kd2 Ree8 66.Rb5+ Kf6 67.
Rd5 Re5 68.Rxd6+ Ke7 69.Rg6 Rd5+ 70.Kc3 Rc8 71.R4xg5 Rxc7+ 72.Kb4 Rxg5 73.
Rxg5 Rc2 74.Rg4 Ke6 75.Kb3 Rf2 76.Kc3 Kf5 77.Kd3 Ra2 78.Rg8 Ra3+ 79.Ke2 
Ra2+ 80.Kf1 Ra1+ 81.Kf2 Ra2+ 82.Kg1 Ra1+ 83.Kh2 Ra6 84.Rg4 Rh6 85.Kg1 Rh8 
86.Kf2 Rh7 87.Ke2 Rh8 88.Kd3 Rd8+ 89.Kc3 Rc8+ 90.Kd4 Rd8+ 91.Kc5 Rd2 92.
Kc6 Ke5 93.Kc5 Rc2+ 94.Kb4 Kf5 95.Kb3 Rf2 96.Kc3 Re2 97.Kd3 Ra2 98.Rxh4 
Rxg2 99.Rh5+ Kg6 100.Rh8 Kf5 101.h4 Rg3 102.Rh5+ Kg6 103.Rg5+ Rxg5 104.
hxg5 Kxg5 105.Ke4 Kg6 106.Kxf4 1/2-1/2